| 000 | 01767nam a2200349Ia 4500 | ||
|---|---|---|---|
| 003 | OSt | ||
| 005 | 20210106101655.0 | ||
| 008 | 191128t2005 ck gr 000 0dspa d | ||
| 020 | _a9580488398 | ||
| 040 |
_aCO-JMCR _cCO-JMCR |
||
| 041 | 1 |
_aspa _heng |
|
| 082 | 0 | 4 |
_a658.8 / _bC454e _223 |
| 100 | 1 |
_aChan, Kim W., _eautor _912686 |
|
| 245 | 1 | 3 |
_aLa estrategia del océano azul : _bcómo desarrollar un nuevo mercado donde la competencia no tiene ninguna importancia / _cW. Chan Kim y Renée Mauborgne ; traducción, Adriana de Hassan |
| 260 |
_aBogotá : _bNorma, _c©2005 |
||
| 300 |
_axii, 332 páginas ; _c23 cm. |
||
| 500 | _aIncluye datos biográficos del los autores a final del texto | ||
| 504 | _aBibliografía: páginas 321-330 | ||
| 505 | 0 | _aLa estrategia del océano azul -- Formulación de la estrategia del oceáno azul -- Ejecución de la estrategia del océano azul -- Un bosquejo del patrón histórico de la creación de los océanos azules | |
| 520 | 3 | _aLa tesis que inspira este libro es la necesidad de dejar a un lado la competencia destructiva entre las empresas si se quiere ser un ganador en el futuro, ampliando los horizontes del mercado y generando valor a través de la innovación. | |
| 534 | _pBlue ocean strategy: how to create uncontested market space and make the competition irrelevant | ||
| 546 | _aTraducido del inglés | ||
| 650 | 1 | 4 |
_aMercadeo _912687 |
| 650 | 1 | 4 |
_aCambio organizacional _911863 |
| 650 | 1 | 4 |
_aAdministración de mercadeo _912246 |
| 650 | 1 | 4 |
_aPlanificación de mercadeo _912688 |
| 650 | 2 | 4 |
_aToma de decisiones _9283 |
| 650 | 2 | 4 |
_aAdministración de empresas _912689 |
| 700 | 1 |
_aMauborgne, Renée, _eautora _912690 |
|
| 700 | 1 |
_aHassan, Adriana de, _etraductora _912691 |
|
| 942 |
_2ddc _cBK |
||
| 999 |
_c3397 _d3397 |
||